000 005330000a22001810004500
003 MACL
005 20160209161058.0
008 160209b xxu||||| |||| 00| 0 eng d
040 _aMACL
_cMACL
041 _aHindi
082 _a100
100 _aविनोबा
_937496
245 _aस्थितप्रज्ञ-दर्शन
260 _bसस्‍ता साहित्‍य मणडल
_c1954
_aनर्इ दिल्‍ली
350 _a1
650 _aPhilisophy
_937497
942 _cHIN
_k100
_2ddc
999 _c24163
_d24163